LEADER 00921nam0-2200289 --450 001 9910295959603321 005 20191017125637.0 010 $a978-88-99176-44-0 100 $a20181217d2017----km y0itay50 ba 101 0 $aita 102 $aIT 105 $a 001yy 200 1 $aPinocchio in Emojitaliano$econ il testo a fronte dell'originale di Carlo Collodi$ela storia di un burattino$fdi Francesca Chiusaroli, Johanna Monti, Federico Sangati 210 $aFirenze$cApice libri$d2017 215 $a183 p.$d21 cm 225 1 $aMarginalia$v6 700 1$aChiusaroli,$bFrancesca$0166571 701 1$aMonti,$bJohanna$0761078 701 1$aSangati,$bFederico$0761079 702 1$aCollodi,$bCarlo 801 0$aIT$bUNINA$gREICAT$2UNIMARC 901 $aBK 912 $a9910295959603321 952 $aPremio Na S 41$bdono$fFMEBC 959 $aFMEBC 996 $aPinocchio in Emojitaliano$91540722 997 $aUNINA LEADER 04153nam 22006855 450 001 9910484580503321 005 20251116134617.0 010 $a3-662-46350-4 024 7 $a10.1007/978-3-662-46350-5 035 $a(CKB)3710000000433988 035 $a(EBL)2094392 035 $a(SSID)ssj0001524990 035 $a(PQKBManifestationID)11869185 035 $a(PQKBTitleCode)TC0001524990 035 $a(PQKBWorkID)11485249 035 $a(PQKB)11690894 035 $a(DE-He213)978-3-662-46350-5 035 $a(MiAaPQ)EBC2094392 035 $a(PPN)186395035 035 $a(iGPub)SPNA0040455 035 $a(EXLCZ)993710000000433988 100 $a20150609d2015 u| 0 101 0 $aeng 135 $aur|n|---||||| 181 $ctxt 182 $cc 183 $acr 200 10$aMarxism and 20th-Century English-Canadian Novels $eA New Approach to Social Realism /$fby John Z. Ming Chen, Yuhua Ji 205 $a1st ed. 2015. 210 1$aBerlin, Heidelberg :$cSpringer Berlin Heidelberg :$cImprint: Springer,$d2015. 215 $a1 online resource (316 p.) 300 $aDescription based upon print version of record. 311 08$a3-662-46349-0 320 $aIncludes bibliographical references at the end of each chapters. 327 $aPART ONE (Neo-)Marxist Approach, History, and Beginnings: Marxist Socialism and Canadian Social Realist Novels.- Chapter 1 Introduction: Reality, Realism and (Neo-)Marxist Definitions and Paradigms.- Chapter 2 Reinterpreting History from a (Neo-)Marxist Perspective: Social, Intellectual, and Literary Background -- Chapter 3 Early Beginnings of ?Violent Duality?: From Prairie Realism to Urban Social Realism in Durkin's The Magpie --    PART TWO Theory, Urban Alienation, Sex, Politics: Socialism and Canadian Social Realist Novel.- Chapter 1 Theorizing English-Canadian Social Realism -- Chapter 2 Metropolis in Contrast with Cabbagetown: Callaghan's They Shall Inherit the Earth and Garner's Cabbagetown -- PART THREE Industrialization, Class Struggle, and Decolonization --   Chapter 1 Introduction -- Chapter 2 From Vision and Ideal to Strategy and Reality --   Chapter 3 Class, Capital, and the Case of CanLit Par Excellence -- Conclusion -- (Neo-)Marxist Glossary      . 330 $aThis monograph is the first academic work to apply a neo-Marxist approach to 20th-century Canadian social realist novels, pursuing a refreshingly (neo-)Marxist approach to such issues as Bakhtinian notions of the novelistic form and dialogism as applied to Canadian socio-political novels influenced by various socialisms, socialist-feminist concerns, economic and sexual politics, and the genre of social realism. In so doing, it demonstrates that Marxist socialism is as relevant today as it was in the 1930s, just as social realist novels continue to thrive as a critique of capitalism. Readers will find valuable insights into the social significance, formal innovations, moral sensitivity, aesthetic enrichment, and ideological complexity of Canadian social realist novels. 606 $aCultural studies 606 $aEconomics 606 $aSex (Psychology) 606 $aGender expression 606 $aCultural Studies$3https://scigraph.springernature.com/ontologies/product-market-codes/X22040 606 $aInternational Political Economy$3https://scigraph.springernature.com/ontologies/product-market-codes/912140 606 $aGender Studies$3https://scigraph.springernature.com/ontologies/product-market-codes/Y20090 615 0$aCultural studies. 615 0$aEconomics. 615 0$aSex (Psychology) 615 0$aGender expression. 615 14$aCultural Studies. 615 24$aInternational Political Economy. 615 24$aGender Studies. 676 $a155.33 676 $a300 676 $a306 676 $a339.5 700 $aChen$b John Z. Ming$4aut$4http://id.loc.gov/vocabulary/relators/aut$01061549 702 $aJi$b Yuhua$4aut$4http://id.loc.gov/vocabulary/relators/aut 906 $aBOOK 912 $a9910484580503321 996 $aMarxism and 20th-Century English-Canadian Novels$92844058 997 $aUNINA